【C2】名古屋第二環状と交差する鉄道路線 - Statistics

General Stats
  • This quiz has been taken 103 times
  • The average score is 17 of 19
Answer Stats
路線 交差区間 % Correct
JR東海道本線 南大高〜共和
99%
JR東海道本線 枇杷島〜清洲
99%
名鉄名古屋本線 左京山〜有松
97%
名鉄名古屋本線 新清洲〜大里
97%
JR中央本線 新守山〜勝川
95%
名鉄犬山線 上小田井
92%
名鉄小牧線 味鋺〜味美
87%
近鉄名古屋線 伏屋〜戸田
87%
JR関西本線 八田〜春田
87%
名古屋市営桜通線 神沢〜徳重
86%
名古屋市営東山線 一社〜上社
86%
東海道新幹線 名古屋〜三河安城
84%
名古屋市営鶴舞線 原〜平針
84%
名鉄瀬戸線 喜多山〜大森・金城学院前
84%
名古屋市営鶴舞線 上小田井
84%
東海道新幹線 名古屋〜岐阜羽島
84%
JR東海交通事業城北線 味美〜勝川
83%
ゆとりーとライン 川村〜白沢渓谷
71%
名鉄津島線 甚目寺〜七宝
71%
No matching quizzes found
Score Distribution
Percent of People with Each Score
Percentile by Number Answered
Your Score History
You have not taken this quiz